Cohen's pathways of the pulp / (Record no. 23553)
[ view plain ]
| 000 -LEADER | |
|---|---|
| fixed length control field | 01176cam a22003255a 4500 |
| 001 - CONTROL NUMBER | |
| control field | ssj0001596015 |
| 003 - CONTROL NUMBER IDENTIFIER | |
| control field | OSt |
| 005 - DATE AND TIME OF LATEST TRANSACTION | |
| control field | 20161213111820.0 |
| 008 - FIXED-LENGTH DATA ELEMENTS--GENERAL INFORMATION | |
| fixed length control field | 151106t2016 moua frb 001 0 eng d |
| 020 ## - INTERNATIONAL STANDARD BOOK NUMBER | |
| International Standard Book Number | 9780323096355 |
| 040 ## - CATALOGING SOURCE | |
| Original cataloging agency | JFG |
| Language of cataloging | eng |
| Transcribing agency | JFG |
| Modifying agency | UZ0 |
| -- | OCLCO |
| -- | WaSeSS |
| -- | EG-ScBUE |
| 082 04 - DEWEY DECIMAL CLASSIFICATION NUMBER | |
| Edition number | 22 |
| Classification number | 617.6342 |
| Item number | COH |
| 245 00 - TITLE STATEMENT | |
| Title | Cohen's pathways of the pulp / |
| Statement of responsibility, etc | editors Kenneth M. Hargreaves, Louis H. Berman. |
| 246 3# - VARYING FORM OF TITLE | |
| Title proper/short title | Pathways of the pulp |
| 250 ## - EDITION STATEMENT | |
| Edition statement | 11th ed. |
| 260 ## - PUBLICATION, DISTRIBUTION, ETC. (IMPRINT) | |
| Place of publication, distribution, etc | St. Louis : |
| Name of publisher, distributor, etc | Elsevier, |
| Date of publication, distribution, etc | c.2016. |
| 300 ## - PHYSICAL DESCRIPTION | |
| Extent | xiv, 907 p. : |
| Other physical details | ill. ; |
| Dimensions | 29 cm. |
| 504 ## - BIBLIOGRAPHY, ETC. NOTE | |
| Bibliography, etc | Includes bibliographical references and index. |
| 650 #7 - SUBJECT ADDED ENTRY--TOPICAL TERM | |
| Topical term or geographic name as entry element | Dental Pulp |
| Source of heading or term | BUEsh |
| General subdivision | Diseases. |
| 650 #7 - SUBJECT ADDED ENTRY--TOPICAL TERM | |
| Topical term or geographic name as entry element | Endodontics. |
| Source of heading or term | BUEsh |
| 9 (RLIN) | 32092 |
| 651 ## - SUBJECT ADDED ENTRY--GEOGRAPHIC NAME | |
| Source of heading or term | BUEsh |
| 653 ## - INDEX TERM--UNCONTROLLED | |
| Resource For college | |
| Arrived date list | December2016 |
| 700 1# - ADDED ENTRY--PERSONAL NAME | |
| Personal name | Hargreaves, Kenneth M., |
| Relator term | editor. |
| 9 (RLIN) | 32096 |
| 700 1# - ADDED ENTRY--PERSONAL NAME | |
| Personal name | Berman, Louis H., |
| Relator term | editor. |
| 9 (RLIN) | 32098 |
| 856 40 - ELECTRONIC LOCATION AND ACCESS | |
| Host name | IUPUI |
| Uniform Resource Identifier | <a href="http://RX8KL6YF4X.search.serialssolutions.com/?V=1.0&L=RX8KL6YF4X&S=JCs&C=TC0001596015&T=marc">http://RX8KL6YF4X.search.serialssolutions.com/?V=1.0&L=RX8KL6YF4X&S=JCs&C=TC0001596015&T=marc</a> |
| 856 40 - ELECTRONIC LOCATION AND ACCESS | |
| Host name | COLUMBUS |
| Uniform Resource Identifier | <a href="http://RX8KL6YF4X.search.serialssolutions.com/?V=1.0&L=RX8KL6YF4X&S=JCs&C=TC0001596015&T=marc">http://RX8KL6YF4X.search.serialssolutions.com/?V=1.0&L=RX8KL6YF4X&S=JCs&C=TC0001596015&T=marc</a> |
| 942 ## - ADDED ENTRY ELEMENTS (KOHA) | |
| Source of classification or shelving scheme | Dewey Decimal Classification |
| 949 ## - LOCAL PROCESSING INFORMATION (OCLC) | |
| h | ulebook |
| 949 ## - LOCAL PROCESSING INFORMATION (OCLC) | |
| h | coebook |
| Withdrawn status | Item status | Source of classification or shelving scheme | Damaged status | Not for loan | Vendor | Home library | Current library | Shelving location | Date acquired | Source of acquisition | Cost, normal purchase price | Total Checkouts | Full call number | Barcode | Date last seen | Cost, replacement price | Koha item type |
|---|---|---|---|---|---|---|---|---|---|---|---|---|---|---|---|---|---|
| Dewey Decimal Classification | Alahram | Central Library | Central Library | Ground Floor | 13/12/2016 | Purchase | 1177.00 | 617.6342 COH | 000040378 | 15/07/2025 | 1471.25 | Reference (NB) |